Метод комплексного контроля трансмиссионных масел, применяемых в бронетехнике при их окислении и триботехнических испытаниях: автореферат диссертации на соискание ученой степени кандидата технических наук; спец. 05.11.13

Xehetasun bibliografikoak
Egile nagusia: Янович В. С. Валерий Станиславович
Erakunde egilea: Сибирский федеральный университет (СФУ)
Beste egile batzuk: Безбородов Ю. Н. Юрий Николаевич (научный руководитель)
Gaia:Заглавие с титульного экрана
Электронная версия печатной публикации
Hizkuntza:errusiera
Argitaratua: Томск, 2015
Gaiak:
Sarrera elektronikoa:http://www.lib.tpu.ru/fulltext/a/2015/26.pdf
Formatua: MixedMaterials Baliabide elektronikoa Liburua
KOHA link:https://koha.lib.tpu.ru/cgi-bin/koha/opac-detail.pl?biblionumber=304189

MARC

LEADER 00000nlm0a2200000 4500
001 304189
005 20231102001657.0
035 |a (RuTPU)RU\TPU\book\329424 
035 |a RU\TPU\book\328770 
090 |a 304189 
100 |a 20150911d2015 k y0rusy50 ca 
101 0 |a rus 
102 |a RU 
105 |a a dm 001zy 
135 |a drcn ---uucaa 
181 0 |a i  
182 0 |a b 
200 1 |a Метод комплексного контроля трансмиссионных масел, применяемых в бронетехнике при их окислении и триботехнических испытаниях  |b Электронный ресурс  |e автореферат диссертации на соискание ученой степени кандидата технических наук  |e спец. 05.11.13  |f В. С. Янович  |g Сибирский федеральный университет (СФУ) ; науч. рук. Ю. Н. Безбородов 
203 |a Текст  |c электронный 
210 |a Томск  |d 2015 
215 |a 1 файл (1.5 Mb) 
230 |a Электронные текстовые данные (1 файл : 1.5 Mb) 
300 |a Заглавие с титульного экрана 
300 |a Электронная версия печатной публикации 
337 |a Adobe Reader 
452 1 |0 (RuTPU)RU\TPU\book\334786  |t Метод комплексного контроля трансмиссионных масел, применяемых в бронетехнике при их окислении и триботехнических испытаниях  |o автореферат диссертации на соискание ученой степени кандидата технических наук  |o спец. 05.11.13  |f В. С. Янович  |g Сибирский федеральный университет (СФУ) ; науч. рук. Ю. Н. Безбородов  |c Томск  |d 2015  |p 20 с.  |a Янович, Валерий Станиславович 
606 1 |a Трансмиссионные масла  |2 stltpush  |3 (RuTPU)RU\TPU\subj\61295  |9 78495 
610 1 |a авторефераты диссертаций 
610 1 |a электронный ресурс 
610 1 |a эксплуатационные свойства 
610 1 |a контроль 
610 1 |a старение 
610 1 |a применение 
610 1 |a бронетехника 
610 1 |a термоокислительная стабильность 
610 1 |a товарные масла 
610 1 |a работающие масла 
610 1 |a состояние 
610 1 |a противоизносные свойства 
675 |a 621.892(04)  |v 3 
686 |a 05.11.13  |2 oksvnk 
700 1 |a Янович  |b В. С.  |g Валерий Станиславович 
702 1 |a Безбородов  |b Ю. Н.  |g Юрий Николаевич  |4 727 
712 0 2 |a Сибирский федеральный университет (СФУ)  |c (Красноярск)  |2 stltpush  |3 (RuTPU)RU\TPU\col\11098 
801 2 |a RU  |b 63413507  |c 20191226  |g RCR 
856 4 |u http://www.lib.tpu.ru/fulltext/a/2015/26.pdf 
942 |c CF